00669nam a2200229Ia 450000500170000000800410001702000180005808200130007624500460008925000200013526000380015530000180019365000130021165000200022465000260024465000130027065000130028370000270029694200060032395200950032999900150042420240613024730.0240331s9999 xx 000 0 und d a9789556593150 bHANa950 0aHandy Perinbanayagam :bA Memorial Volume aRevised Edition aChennaibKumaran Book Housec2012 axix, 339 p ., aPolitics aLanguage Rights aFreedom of Expression aCultural aReligion aKadirgamar, Santasilan cL 001040708LaWERCLbWERCLcSSCd2024-03-31l0o 950 HANp6659r2024-03-31w2024-03-31yL c5665d5665